000 00721nam a22002537a 4500
008 130428b xxu||||| |||| 00| 0 eng d
020 _a81-7808-837-1
024 _cAvailable
037 _cAvailable
040 _aMBSTU LIBRARY
_dMBSTU LIBRARY
082 _222
_a001.642 MAD
100 _aMano , M Morris.
245 _aDigital design
250 _a3rd
260 _aIndia
_bPearson Education Pvt. Ltd.
_c2003
300 _a24 cm
_b518 page
_f6
_g24 cm
600 _aComputer programs and programming.
650 _2Computer programs and programming.
700 _aMano , M Morris.
270 _aIndia
_bIndia
_dIndia
365 _b808.00
_d808.00
942 _2ddc
_cBK
999 _c259
_d259